Language Quiz

Random Language Quiz

Commonly Misspelled Words (American) Quiz Stats

Quiz not verified by Sporcle

Also try: UGH! Words
Challenge
Share
Tweet
Embed
Score 0/29 Timer 06:00
0 Plays Today
Misspelling Correct Spelling % Correct
similiarsimilar
96.2%
reccomendrecommend
93.9%
siezeseize
93.6%
irritibleirritable
92.9%
seperateseparate
92.3%
alrightall right
91.7%
brocollibroccoli
90.7%
tyrranytyranny
86.5%
mispellmisspell !!!
84.3%
cemetarycemetery
82.4%
dumbelldumbbell
82.4%
embarassmentembarrassment
79.2%
privelegeprivilege
77.6%
accidentlyaccidentally
75.6%
disapatedissipate
73.1%
Misspelling Correct Spelling % Correct
momentomemento
70.8%
accomodateaccommodate
69.9%
batallionbattalion
68.9%
occurenceoccurrence
68.9%
coolycoolly
67.3%
ecstacyecstasy
65.1%
milleniummillennium
59.9%
innoculateinoculate
55.8%
supercedesupersede
52.9%
sacreligioussacrilegious
28.2%
dessicatedesiccate
26.3%
minisculeminuscule
22.4%
NietzcheanNietzschean
17.9%
vichysoisevichyssoise
14.4%

You're not logged in!

Compare scores with friends on all Sporcle quizzes.
Join for Free
OR
Log In

You Might Also Like...

Show Comments

Extras

Top Quizzes Today


Score Distribution

Your Account Isn't Verified!

In order to create a playlist on Sporcle, you need to verify the email address you used during registration. Go to your Sporcle Settings to finish the process.

Report this User

Report this user for behavior that violates our Community Guidelines.

Details: